[Event "UKR-ch U18 Girls"]
[Site "Lubin"]
[Date "2009.02.16"]
[Round "11"]
[White "Choba, Yulia"]
[Black "Malakhova, Elizaveta"]
[Result "1-0"]
[WhiteElo "1881"]
[BlackElo "2239"]
[PlyCount "131"]
[EventDate "2009.02.06"]
[EventType "tourn"]
[EventRounds "11"]
[EventCountry "UKR"]
[SourceTitle "CBM 128 Extra"]
[Source "ChessBase"]
[SourceDate "2009.03.05"]
[SourceVersion "2"]
[SourceVersionDate "2009.03.25"]
[SourceQuality "1"]

1. e4 e5 2. Nf3 Nc6 3. d4 exd4 4. Nxd4 Nf6 5. Nxc6 bxc6 6. e5 Qe7 7. Qe2 Nd5 8. c4 Nb6 9. g3 Qe6 10. b3 a5 11. a4 Bb4+ 12. Bd2 Bxd2+ 13. Nxd2 0-0 14. Bg2 Re8 15. f4 d5 16. 0-0 Ba6 17. Qf3 Rad8 18. Rfc1 dxc4 19. Nxc4 Nxc4 20. bxc4 c5 21. Qc3 Rb8 22. Qxa5 Rb2 23. Qc3 Rxg2+ 24. Kxg2 Bb7+ 25. Kf2 Qh3 26. Qd3 Qxh2+ 27. Ke1 f6 28. Ra3 fxe5 29. f5 Bc6 30. Qe2 Qh1+ 31. Kd2 Rd8+ 32. Rd3 Qh6+ 33. Qe3 Qh2+ 34. Kc3 Rb8 35. Qd2 Qxd2+ 36. Kxd2 Bxa4 37. Re3 Rb2+ 38. Ke1 Rh2 39. Rcc3 Kf7 40. Rxe5 Kf6 41. Rxc5 c6 42. Ra3 Bc2 43. Rf3 Ba4 44. Rf2 Rh1+ 45. Kd2 Rg1 46. Rf3 Rg2+ 47. Kc3 Bd1 48. Rxc6+ Kg5 49. Rd3 Be2 50. Re3 Kxf5 51. Rc7 Kf6 52. Kd4 h5 53. Rc6+ Kf5 54. c5 g5 55. Rb6 Kg4 56. c6 Kh3 57. g4+ Kh2 58. gxh5 Bxh5 59. c7 Bg4 60. Rc3 Rd2+ 61. Ke5 Bc8 62. Rh6+ Kg2 63. Rh8 Bd7 64. c8Q Bxc8 65. Rhxc8 Rd7 66. Rg8 1-0

[Event "UKR-ch U18 Girls"]
[Site "Lubin"]
[Date "2009.02.11"]
[Round "6"]
[White "Gonchar, Mariya"]
[Black "Choba, Yulia"]
[Result "0-1"]
[WhiteElo "1951"]
[BlackElo "1881"]
[PlyCount "86"]
[EventDate "2009.02.06"]
[EventType "tourn"]
[EventRounds "11"]
[EventCountry "UKR"]
[SourceTitle "CBM 128 Extra"]
[Source "ChessBase"]
[SourceDate "2009.03.05"]
[SourceVersion "2"]
[SourceVersionDate "2009.03.25"]
[SourceQuality "1"]

1. d4 f5 2. c4 Nf6 3. Nc3 g6 4. Nf3 Bg7 5. Bf4 d6 6. h3 0-0 7. e3 Qe8 8. Bh2 c6 9. Be2 Na6 10. 0-0 h6 11. a3 Nd7 12. d5 Nf6 13. Rc1 Bd7 14. b4 Rd8 15. Qd3 Kh8 16. Rfd1 Qf7 17. Qc2 c5 18. Rb1 Ne4 19. Na2 e5 20. dxe6 Bxe6 21. b5 Nb8 22. Bd3 Nd7 23. Rbc1 Ndf6 24. Nd2 d5 25. cxd5 Bxd5 26. Nc4 Nd7 27. f3 Ng5 28. h4 Bxf3 29. gxf3 Nxf3+ 30. Kh1 Nxh4 31. Be2 Rde8 32. Nd6 Qe7 33. Nxe8 Rxe8 34. Qd3 Nf6 35. Bg3 Ne4 36. Kh2 Be5 37. Rg1 Qc7 38. Rcf1 Bxg3+ 39. Kh1 Nf2+ 40. Rxf2 Bxf2 41. Qc3+ Kh7 42. Rf1 Qg3 43. Rxf2 Qxf2 0-1

[Event "UKR-ch U18 Girls"]
[Site "Lubin"]
[Date "2009.02.07"]
[Round "2"]
[White "Andrenko, Irina"]
[Black "Choba, Yulia"]
[Result "1-0"]
[WhiteElo "2187"]
[BlackElo "1881"]
[PlyCount "79"]
[EventDate "2009.02.06"]
[EventType "tourn"]
[EventRounds "11"]
[EventCountry "UKR"]
[SourceTitle "CBM 128 Extra"]
[Source "ChessBase"]
[SourceDate "2009.03.05"]
[SourceVersion "2"]
[SourceVersionDate "2009.03.25"]
[SourceQuality "1"]

1. e4 e6 2. d4 d5 3. Nc3 dxe4 4. Nxe4 Nd7 5. Nf3 Ngf6 6. Bg5 Be7 7. Nxf6+ Nxf6 8. Bd3 0-0 9. c3 b6 10. Qc2 h6 11. h4 Bb7 12. 0-0-0 a5 13. Ne5 c6 14. Qe2 Qc7 15. Rh3 Ba6 16. Bxa6 b5 17. Nxc6 Qxc6 18. Bxb5 Qc7 19. Bxf6 Bxf6 20. a4 Rfd8 21. Qe4 Rab8 22. f4 Rd5 23. g4 Rbd8 24. Kb1 g6 25. g5 Bg7 26. h5 gxh5 27. Rxh5 hxg5 28. fxg5 Qe7 29. Rg1 Rf5 30. Bd3 Rb8 31. Qh4 Qb7 32. Qh2 Rf3 33. Rh1 Kf8 34. Bb5 Qe4+ 35. Ka2 Rc8 36. Rh8+ Bxh8 37. Qxh8+ Ke7 38. Qxc8 Qd5+ 39. c4 Qxg5 40. Qb7+ 1-0

[Event "UKR-ch sf U20 Girls"]
[Site "Lvov"]
[Date "2008.12.08"]
[Round "7"]
[White "Babiy, Olga"]
[Black "Choba, Yulia"]
[Result "1-0"]
[WhiteElo "2149"]
[BlackElo "1868"]
[PlyCount "73"]
[EventDate "2008.12.02"]
[EventType "swiss"]
[EventRounds "9"]
[EventCountry "UKR"]
[SourceTitle "EXT 2010"]
[Source "ChessBase"]
[SourceDate "2010.11.25"]
[SourceVersion "1"]
[SourceVersionDate "2010.11.25"]
[SourceQuality "1"]

1. e4 g6 2. d4 Bg7 3. Nc3 c6 4. f4 d6 5. Nf3 Nd7 6. Be3 b5 7. Qd2 a5 8. a4 b4 9. Nd1 Ngf6 10. Nf2 Ba6 11. Bxa6 Rxa6 12. 0-0 0-0 13. f5 c5 14. dxc5 Nxc5 15. e5 Nfd7 16. Rad1 Qb8 17. Ng4 dxe5 18. Bh6 gxf5 19. Bxg7 Kxg7 20. Qg5+ Rg6 21. Qxf5 e6 22. Qh5 f5 23. Ne3 Nf6 24. Qh3 Nce4 25. Nh4 Rg5 26. Qf3 f4 27. Nc4 Rg4 28. Rfe1 Qa7+ 29. Kf1 Rg3 30. Qe2 Ng4 31. Nf3 Ngf6 32. Ncxe5 Rc8 33. Rd4 Kh6 34. Rxe4 Nxe4 35. Qxe4 Rgg8 36. Rd1 Rcf8 37. Rd7 1-0

[Event "UKR-ch sf U20 Girls"]
[Site "Lvov"]
[Date "2008.12.02"]
[Round "1"]
[White "Tsirulnik, Maritsa"]
[Black "Choba, Yulia"]
[Result "0-1"]
[WhiteElo "2091"]
[BlackElo "1868"]
[PlyCount "82"]
[EventDate "2008.12.02"]
[EventType "swiss"]
[EventRounds "9"]
[EventCountry "UKR"]
[SourceTitle "EXT 2010"]
[Source "ChessBase"]
[SourceDate "2010.11.25"]
[SourceVersion "1"]
[SourceVersionDate "2010.11.25"]
[SourceQuality "1"]

1. e4 c5 2. Nf3 Nc6 3. d4 cxd4 4. Nxd4 Nf6 5. Nc3 e5 6. Ndb5 d6 7. Bg5 a6 8. Na3 b5 9. Nd5 Be7 10. Bxf6 Bxf6 11. c3 Bg5 12. Nc2 0-0 13. a4 bxa4 14. Rxa4 a5 15. Bc4 Kh8 16. Nce3 Bd7 17. b3 g6 18. Qd3 f5 19. f3 fxe4 20. Qxe4 Ne7 21. Ra2 Bc6 22. Qd3 Bh4+ 23. g3 Rxf3 24. Rf1 Rxf1+ 25. Qxf1 Bg5 26. Rf2 Bxe3 27. Nxe3 Be4 28. Rf7 Nf5 29. Qh3 Ng7 30. Qh6 Qg8 31. Ng4 Nf5 32. Rxf5 d5 33. Rf6 dxc4 34. Nxe5 Qg7 35. Nf7+ Kg8 36. Qf4 Bd5 37. Nh6+ Kh8 38. bxc4 Qe7+ 39. Kf2 Bxc4 40. Nf7+ Kg7 41. Rd6 Qxf7 0-1

[Event "UKR-ch sf U20 Girls"]
[Site "Lvov"]
[Date "2007.12.09"]
[Round "8"]
[White "Choba, Yulia"]
[Black "Tsirulnik, Maritsa"]
[Result "1/2-1/2"]
[WhiteElo "1849"]
[BlackElo "2095"]
[PlyCount "90"]
[EventDate "2007.12.02"]
[EventType "swiss"]
[EventRounds "9"]
[EventCountry "UKR"]
[SourceTitle "CBM 121 Extra"]
[Source "ChessBase"]
[SourceDate "2008.01.10"]
[SourceVersion "1"]
[SourceVersionDate "2008.01.10"]
[SourceQuality "1"]

1. e4 c5 2. Nf3 e6 3. d4 cxd4 4. Nxd4 a6 5. c4 Nf6 6. Bd3 Nc6 7. Nb3 b6 8. 0-0 Bb7 9. Nc3 Be7 10. Be3 Ne5 11. Be2 d6 12. f4 Ned7 13. Bd3 0-0 14. Qf3 Qc7 15. Qh3 Rfe8 16. Rae1 g6 17. Rf3 Bf8 18. Rg3 Bg7 19. Rg5 Nf8 20. Qf3 N6d7 21. Qf2 f5 22. exf5 exf5 23. Nd5 Bxd5 24. cxd5 Bf6 25. Rg3 Bh4 26. Bxf5 Bxg3 27. Qxg3 Nf6 28. Rc1 Qe7 29. Bxb6 Nxd5 30. Bd4 Nf6 31. Bd3 Rac8 32. Rf1 d5 33. f5 Ne4 34. Qh3 Qg5 35. Bxa6 Rc7 36. fxg6 Nxg6 37. Be3 Qe5 38. Bd4 Qe6 39. Qxe6+ Rxe6 40. Bd3 Ne5 41. Bxe5 Rxe5 42. Nd4 Rb7 43. b3 Nc3 44. a4 Re3 45. Bf5 Rbe7 1/2-1/2

[Event "UKR-ch sf U20 Girls"]
[Site "Lvov"]
[Date "2007.12.08"]
[Round "7"]
[White "Choba, Yulia"]
[Black "Kabachenko, Marina"]
[Result "1-0"]
[WhiteElo "1849"]
[BlackElo "1936"]
[PlyCount "35"]
[EventDate "2007.12.02"]
[EventType "swiss"]
[EventRounds "9"]
[EventCountry "UKR"]
[SourceTitle "CBM 121 Extra"]
[Source "ChessBase"]
[SourceDate "2008.01.10"]
[SourceVersion "1"]
[SourceVersionDate "2008.01.10"]
[SourceQuality "1"]

1. e4 c5 2. Nc3 Nc6 3. g3 g6 4. Bg2 Bg7 5. d3 e6 6. Be3 d6 7. Qd2 Rb8 8. Nge2 Nd4 9. Nd1 Nxe2 10. Qxe2 Ne7 11. 0-0 0-0 12. c3 Nc6 13. f4 Qe7 14. Qd2 e5 15. f5 h5 16. Bh6 gxf5 17. exf5 Qf6 18. Bg5 1-0

[Event "UKR-ch sf U20 Girls"]
[Site "Lvov"]
[Date "2007.12.04"]
[Round "3"]
[White "Maiko, Alina"]
[Black "Choba, Yulia"]
[Result "1-0"]
[WhiteElo "2065"]
[BlackElo "1849"]
[PlyCount "113"]
[EventDate "2007.12.02"]
[EventType "swiss"]
[EventRounds "9"]
[EventCountry "UKR"]
[SourceTitle "CBM 121 Extra"]
[Source "ChessBase"]
[SourceDate "2008.01.10"]
[SourceVersion "1"]
[SourceVersionDate "2008.01.10"]
[SourceQuality "1"]

1. d4 g6 2. Nf3 Bg7 3. c4 d6 4. Bf4 Nd7 5. h3 e5 6. dxe5 dxe5 7. Bh2 Ne7 8. e3 0-0 9. Nc3 c6 10. Be2 Qa5 11. 0-0 Nf5 12. a3 Qd8 13. Qc2 Qe7 14. b4 a5 15. c5 b6 16. Ne4 bxc5 17. bxc5 Nf6 18. Nd6 Ne8 19. Nxc8 Rxc8 20. Rab1 Nh4 21. Rb6 Nxf3+ 22. Bxf3 Nf6 23. Bxc6 Rc7 24. Qb2 Qxc5 25. Rc1 Qe7 26. Bxe5 Nh5 27. Bxg7 Nxg7 28. Bd5 Rxc1+ 29. Qxc1 Qd8 30. Qc5 a4 31. Qd6 Nf5 32. Qxd8 Rxd8 33. e4 Ne7 34. Rb5 Kg7 35. Ra5 Kf6 36. f4 Nxd5 37. exd5 Kf5 38. Ra7 f6 39. Rxa4 Rxd5 40. g4+ Ke6 41. Re4+ Kd7 42. Kf2 h5 43. Ke3 Ra5 44. Rd4+ Ke6 45. a4 f5 46. g5 Rc5 47. Kd2 Ke7 48. h4 Ke6 49. Rb4 Ra5 50. Kc3 Ke7 51. Rb7+ Kf8 52. Kb4 Rd5 53. a5 Rd4+ 54. Kb5 Rxf4 55. a6 Rf1 56. a7 Rb1+ 57. Kc4 1-0

[Event "Ilichevsk Sunny Pawn op"]
[Site "Ilichevsk"]
[Date "2007.07.27"]
[Round "7"]
[White "Choba, Yulia"]
[Black "Yavorskiy, Oleg"]
[Result "0-1"]
[WhiteElo "1849"]
[BlackElo "2172"]
[PlyCount "144"]
[EventDate "2007.07.20"]
[EventType "swiss"]
[EventRounds "11"]
[EventCountry "UKR"]
[SourceTitle "CBM 119 Extra"]
[Source "ChessBase"]
[SourceDate "2007.09.04"]
[SourceVersion "1"]
[SourceVersionDate "2007.09.04"]
[SourceQuality "1"]

1. e4 d5 2. exd5 Qxd5 3. Nc3 Qa5 4. d4 c6 5. Bc4 Bf5 6. Nge2 e6 7. 0-0 Nf6 8. Ng3 Bg6 9. Kh1 h5 10. h3 Bd6 11. Nge2 Nbd7 12. Bf4 Bxf4 13. Nxf4 Bf5 14. Bd3 g5 15. Nfe2 0-0-0 16. Qd2 Bxd3 17. cxd3 Nf8 18. b4 Qxb4 19. Rab1 Qa5 20. Qb2 Qc7 21. Nb5 Qb6 22. d5 cxb5 23. Qxf6 Nh7 24. Qc3+ Kb8 25. dxe6 fxe6 26. a4 Rhf8 27. Rxb5 Qd6 28. d4 Nf6 29. Qb2 Rd7 30. Qc2 Nd5 31. Qd2 g4 32. Qd3 Rdf7 33. Kg1 Qe7 34. Qg3+ Ka8 35. Rb3 Qg5 36. h4 Qd2 37. Qd3 Qh6 38. a5 a6 39. Qg3 Qf6 40. Ra3 Rc8 41. Ra2 Nb4 42. Rb2 Nd5 43. Rd2 Ne7 44. Qe5 Qxe5 45. dxe5 Nc6 46. Rd6 Re8 47. Nd4 Nxa5 48. Rc1 Ka7 49. Rc5 b6 50. Rc2 Nb7 51. Rxe6 Rxe6 52. Nxe6 a5 53. Nd4 Ka6 54. f3 Nc5 55. fxg4 hxg4 56. g3 a4 57. Kg2 Rd7 58. Nc6 Kb5 59. e6 Nxe6 60. Ne5 Rd4 61. Re2 Ng7 62. Rb2+ Ka6 63. Nc6 Re4 64. Nb4+ Ka7 65. Nd5 Nf5 66. Nxb6 a3 67. Nc8+ Ka6 68. Ra2 Re3 69. Kf1 Kb7 70. h5 Kxc8 71. Kf2 Rb3 72. Kg1 Rb1+ 0-1

[Event "Ilichevsk Sunny Pawn op"]
[Site "Ilichevsk"]
[Date "2007.07.25"]
[Round "6"]
[White "Choba, Yulia"]
[Black "Gordiyenko, Anna"]
[Result "0-1"]
[WhiteElo "1849"]
[BlackElo "2031"]
[PlyCount "128"]
[EventDate "2007.07.20"]
[EventType "swiss"]
[EventRounds "11"]
[EventCountry "UKR"]
[SourceTitle "CBM 119 Extra"]
[Source "ChessBase"]
[SourceDate "2007.09.04"]
[SourceVersion "1"]
[SourceVersionDate "2007.09.04"]
[SourceQuality "1"]

1. e4 e6 2. d4 d5 3. Nd2 Nf6 4. e5 Nfd7 5. Bd3 c5 6. c3 Nc6 7. Ne2 cxd4 8. cxd4 f6 9. exf6 Qxf6 10. Nf3 Bd6 11. Bg5 Qf7 12. 0-0 0-0 13. Bh4 h6 14. Nc3 Qh5 15. Bg3 Bxg3 16. hxg3 Nf6 17. Be2 Qf7 18. Rc1 Bd7 19. a3 Be8 20. b4 a6 21. Na4 Ne4 22. Nc5 Nxc5 23. bxc5 Qf6 24. Qd2 Bg6 25. Rc3 Be4 26. Rd1 e5 27. dxe5 Nxe5 28. Qd4 Nxf3+ 29. Bxf3 Bxf3 30. gxf3 Qxd4 31. Rxd4 Rad8 32. Kg2 Rd7 33. f4 Rc8 34. Kf3 Rc6 35. Rb4 d4 36. Rd3 Rxc5 37. Rbxd4 Rxd4 38. Rxd4 Rc3+ 39. Ke4 Rxa3 40. Rd8+ Kh7 41. Rd7 b5 42. f5 Kg8 43. Rb7 Ra4+ 44. Ke5 Ra2 45. f3 Ra3 46. Ke4 Ra1 47. g4 Kf8 48. Ke5 Re1+ 49. Kd5 Rd1+ 50. Ke6 Re1+ 51. Kd5 Rb1 52. Ra7 b4 53. Rxa6 b3 54. Ra8+ Kf7 55. Ra7+ Kg8 56. Ra8+ Kh7 57. f6 gxf6 58. Ke6 b2 59. Kxf6 Ra1 60. Rb8 b1Q 61. Rxb1 Rxb1 62. f4 Rb4 63. Ke5 Kg6 64. f5+ Kf7 0-1

[Event "Ilichevsk Sunny Pawn op"]
[Site "Ilichevsk"]
[Date "2007.07.20"]
[Round "1"]
[White "Zhecheva, Oksana"]
[Black "Choba, Yulia"]
[Result "0-1"]
[WhiteElo "2256"]
[BlackElo "1849"]
[PlyCount "68"]
[EventDate "2007.07.20"]
[EventType "swiss"]
[EventRounds "11"]
[EventCountry "UKR"]
[SourceTitle "CBM 119 Extra"]
[Source "ChessBase"]
[SourceDate "2007.09.04"]
[SourceVersion "1"]
[SourceVersionDate "2007.09.04"]
[SourceQuality "1"]

1. d4 Nf6 2. c4 c5 3. d5 b5 4. cxb5 a6 5. Nc3 axb5 6. Bg5 b4 7. Bxf6 gxf6 8. Ne4 d6 9. e3 Qa5 10. b3 f5 11. Ng5 h5 12. Be2 Bg7 13. Bxh5 Bc3+ 14. Kf1 Ba6+ 15. Be2 Rg8 16. a4 Bxa1 17. Qxa1 Bxe2+ 18. Nxe2 c4 19. f4 cxb3 20. Qb1 Qxd5 21. Kf2 Rxg5 22. fxg5 Rxa4 23. Rd1 Qe6 24. Qb2 Nc6 25. Ra1 Ra2 26. Rxa2 bxa2 27. Qh8+ Kd7 28. Qa8 Qc4 29. Qb7+ Kd8 30. Qa8+ Kc7 31. Qa4 Kb6 32. g3 Qa6 33. Qb3 a1Q 34. Qxf7 Qb2 0-1

[Event "UKR-ch U20 Girls"]
[Site "Lvov"]
[Date "2007.02.11"]
[Round "10"]
[White "Tsirulnik, Anna"]
[Black "Choba, Yulia"]
[Result "0-1"]
[WhiteElo "1938"]
[BlackElo "1815"]
[PlyCount "78"]
[EventDate "2007.02.02"]
[EventType "tourn"]
[EventRounds "11"]
[EventCountry "UKR"]
[SourceTitle "CBM 116 Extra"]
[Source "ChessBase"]
[SourceDate "2007.03.07"]
[SourceVersion "1"]
[SourceVersionDate "2007.03.07"]
[SourceQuality "1"]

1. d4 c5 2. e3 Nf6 3. Nf3 e6 4. Bd3 d5 5. b3 Bd6 6. 0-0 0-0 7. Bb2 b6 8. Ne5 Ba6 9. Qe2 Qc8 10. c4 Nc6 11. Nd2 Nb4 12. Bb1 Rb8 13. f4 b5 14. a3 Nc6 15. Nxc6 Qxc6 16. dxc5 Be7 17. cxd5 Qxc5 18. b4 Qxd5 19. e4 Qh5 20. Rf3 Bd8 21. Kh1 Bb7 22. Bd4 a6 23. Kg1 Be7 24. h3 g5 25. g4 Qh6 26. Be5 Rbc8 27. Bd3 Nd7 28. Bd4 gxf4 29. e5 Bxf3 30. Qxf3 f6 31. Qb7 Rfd8 32. Qxa6 fxe5 33. Bb2 Nf8 34. Qxb5 Rd5 35. Qb7 Rxd3 36. Qxc8 Qxh3 37. Ne4 Qxg4+ 38. Kf1 Qh3+ 39. Kg1 Qe3+ 0-1

[Event "UKR-ch U20 Girls"]
[Site "Lvov"]
[Date "2007.02.10"]
[Round "9"]
[White "Choba, Yulia"]
[Black "Moskalets, Svetlana"]
[Result "1-0"]
[WhiteElo "1815"]
[BlackElo "2194"]
[PlyCount "79"]
[EventDate "2007.02.02"]
[EventType "tourn"]
[EventRounds "11"]
[EventCountry "UKR"]
[SourceTitle "CBM 116 Extra"]
[Source "ChessBase"]
[SourceDate "2007.03.07"]
[SourceVersion "1"]
[SourceVersionDate "2007.03.07"]
[SourceQuality "1"]

1. e4 c5 2. Nf3 e6 3. d4 cxd4 4. Nxd4 a6 5. Nc3 b5 6. Bd3 Qb6 7. Nb3 Qc7 8. 0-0 Bb7 9. Bg5 d6 10. Kh1 Nd7 11. f4 Ngf6 12. a3 Be7 13. Qe2 h6 14. Bh4 Nxe4 15. Nxb5 axb5 16. Bxe7 Nec5 17. Bh4 Nxd3 18. Qxd3 Bd5 19. Nd4 Rb8 20. Qg3 Rg8 21. b3 g5 22. fxg5 hxg5 23. Qf2 Nc5 24. Bg3 Ne4 25. Qe3 f5 26. Nxf5 Qxc2 27. Bxd6 Rc8 28. Bb4 exf5 29. Rxf5 Qb2 30. Raf1 Qxb3 31. Re5+ Kd8 32. Qb6+ Rc7 33. Qb8+ Rc8 34. Ba5+ Kd7 35. Qa7+ Kc6 36. Rc1+ Bc4 37. Qb6+ Kd7 38. Qb7+ Kd6 39. Qe7+ Kc6 40. Re6+ 1-0

[Event "Rodatychi op"]
[Site "Rodatychi"]
[Date "2006.08.29"]
[Round "4"]
[White "Choba, Yulia"]
[Black "Tisevich, Roman"]
[Result "0-1"]
[WhiteElo "1831"]
[BlackElo "2415"]
[PlyCount "164"]
[EventDate "2006.08.27"]
[EventType "swiss"]
[EventRounds "9"]
[EventCountry "UKR"]
[SourceTitle "EXT 2008"]
[Source "ChessBase"]
[SourceDate "2007.11.25"]
[SourceVersion "1"]
[SourceVersionDate "2007.11.25"]
[SourceQuality "1"]

1. e4 Nc6 2. d4 d5 3. e5 f6 4. Nf3 Bg4 5. exf6 Nxf6 6. Be2 e6 7. 0-0 Bd6 8. Bg5 0-0 9. Nc3 Qe8 10. h3 Bxf3 11. Bxf3 Qg6 12. Be3 a6 13. Be2 Rad8 14. Bd3 Ne4 15. Bxe4 dxe4 16. Qg4 Qxg4 17. hxg4 Bf4 18. Rad1 Nb4 19. Rd2 e5 20. Nxe4 exd4 21. Rxd4 Rxd4 22. Bxd4 Re8 23. Nc5 b6 24. Nb3 c5 25. Bc3 Nxa2 26. Bd2 Bxd2 27. Nxd2 Nb4 28. Nc4 b5 29. Ne3 Rd8 30. Rc1 a5 31. Kf1 Nd5 32. Nxd5 Rxd5 33. c4 bxc4 34. Rxc4 Rd1+ 35. Ke2 Rb1 36. Rc2 Kf7 37. Kd3 Ke6 38. Kc4 Kd6 39. Kb5 Rd1 40. Kxa5 Kc6 41. Ka4 Rd4+ 42. Kb3 Rxg4 43. f3 Rb4+ 44. Kc3 Kd5 45. Re2 Rb7 46. Re4 h5 47. b3 Rb6 48. Re2 g5 49. Rf2 h4 50. Re2 Ra6 51. Rd2+ Ke6 52. Kc4 Ra5 53. Re2+ Kf5 54. Re4 Ra2 55. Rg4 Re2 56. Kd3 Rf2 57. Kc4 Rb2 58. Kc3 Rb1 59. Kc4 Rc1+ 60. Kd3 Ra1 61. Kc4 Ra5 62. Kd3 Rb5 63. Kc4 Rb4+ 64. Kxc5 Rxb3 65. Kc4 h3 66. gxh3 Rxf3 67. Rg1 Rxh3 68. Kd4 g4 69. Ra1 Kf4 70. Ra8 Rb3 71. Rf8+ Kg3 72. Ke4 Kg2 73. Ra8 g3 74. Rh8 Kg1 75. Rg8 g2 76. Rh8 Kf2 77. Rf8+ Ke2 78. Rg8 Rb4+ 79. Ke5 Kf3 80. Kf5 Rb5+ 81. Ke6 Rb1 82. Rf8+ Ke4 0-1

[Event "UKR-ch U16 Girls"]
[Site "Kiev"]
[Date "2006.02.26"]
[Round "11"]
[White "Choba, Yulia"]
[Black "Malinovskaja, Maria"]
[Result "0-1"]
[WhiteElo "2039"]
[BlackElo "1990"]
[PlyCount "176"]
[EventDate "2006.02.16"]
[EventType "tourn"]
[EventRounds "11"]
[EventCountry "UKR"]
[SourceTitle "EXT 2023"]
[Source "ChessBase"]
[SourceDate "2022.10.05"]
[SourceVersion "1"]
[SourceVersionDate "2022.10.05"]
[SourceQuality "1"]

1. e4 c5 2. c3 d5 3. exd5 Qxd5 4. d4 cxd4 5. cxd4 Nc6 6. Nf3 Bg4 7. Nc3 Qd8 8. Be3 Nf6 9. Be2 e6 10. 0-0 Be7 11. h3 Bh5 12. Qd2 0-0 13. Rfd1 Nd5 14. Nxd5 Qxd5 15. a3 Na5 16. Qe1 Nb3 17. Rab1 Rac8 18. Ne5 Bxe2 19. Qxe2 Bf6 20. Ng4 Bxd4 21. Rd3 Qe4 22. Rbd1 Nc1 23. Qf1 Nxd3 24. Rxd3 Bxb2 25. Qd1 f5 26. f3 Qc4 27. Nf2 Qc2 28. Qxc2 Rxc2 29. Rd7 Bxa3 30. Rxb7 a5 31. Ra7 Bb4 32. Nd3 Rd8 33. Nxb4 axb4 34. Rb7 Rb2 35. Bf4 Rb1+ 36. Kh2 Rd5 37. Rb8+ Kf7 38. Rb7+ Kg6 39. h4 h6 40. Kg3 b3 41. Rb6 Kf7 42. Rb7+ Kg8 43. Be3 e5 44. Ba7 f4+ 45. Kg4 b2 46. Kf5 Ra1 47. Ke6 Rd8 48. Rxb2 Rxa7 49. Kxe5 g5 50. hxg5 hxg5 51. Kf5 Ra5+ 52. Kg4 Kf7 53. g3 fxg3 54. Kxg3 Rad5 55. Rb7+ Kf6 56. Rb6+ R8d6 57. Rb8 Rf5 58. Rb3 Kg6 59. Ra3 Rdf6 60. Rb3 Rf4 61. Ra3 Kh5 62. Rb3 g4 63. Rb5+ Kg6 64. fxg4 Rf3+ 65. Kh4 Rf1 66. Ra5 Re6 67. Rb5 Rfe1 68. Rg5+ Kh7 69. Ra5 Rh1+ 70. Kg3 Rg1+ 71. Kf4 Rf6+ 72. Ke5 Rg6 73. Ra7+ Kh6 74. Ra2 R1xg4 75. Rh2+ Kg7 76. Ra2 R6g5+ 77. Ke6 Re4+ 78. Kd6 Rf4 79. Ke6 Rf6+ 80. Ke7 Re5+ 81. Kd7 Kf7 82. Rh2 Re7+ 83. Kd8 Rd6+ 84. Kc8 Rg6 85. Rf2+ Rf6 86. Rh2 Ke8 87. Rd2 Rf8 88. Rd8+ Kf7 0-1

[Event "UKR-ch U16 Girls"]
[Site "Kiev"]
[Date "2006.02.16"]
[Round "1"]
[White "Ostroverkhova, Elena"]
[Black "Choba, Yulia"]
[Result "0-1"]
[WhiteElo "2160"]
[BlackElo "2039"]
[PlyCount "162"]
[EventDate "2006.02.16"]
[EventType "tourn"]
[EventRounds "11"]
[EventCountry "UKR"]
[SourceTitle "EXT 2023"]
[Source "ChessBase"]
[SourceDate "2022.10.05"]
[SourceVersion "1"]
[SourceVersionDate "2022.10.05"]
[SourceQuality "1"]

1. d4 Nf6 2. Nf3 c5 3. d5 d6 4. c4 b5 5. a4 bxc4 6. Nc3 g6 7. e4 Bg7 8. Bxc4 0-0 9. 0-0 Qa5 10. Bd2 Na6 11. Qe2 Nb4 12. Nb5 a6 13. Nc3 Bg4 14. Rac1 Nd7 15. h3 Bxf3 16. Qxf3 Ne5 17. Qe2 Rfb8 18. f4 Nxc4 19. Qxc4 Bd4+ 20. Kh1 Qd8 21. Nd1 a5 22. Bc3 Qb6 23. Qe2 Qa6 24. Qxa6 Nxa6 25. Re1 Nb4 26. Rf1 Nd3 27. Rc2 Bxc3 28. bxc3 Rb1 29. Rd2 c4 30. Ne3 Rxf1+ 31. Nxf1 Nxf4 32. Ne3 Rc8 33. Rd4 Ne2 34. Rxc4 Rxc4 35. Nxc4 Nxc3 36. Nxa5 Nxa4 37. Nc4 Nc3 38. Nd2 Kg7 39. Kg1 f5 40. e5 dxe5 41. Nc4 Kf6 42. d6 exd6 43. Nxd6 Ke6 44. Nc4 Kd5 45. Nd2 f4 46. Nf3 e4 47. Ng5 h5 48. h4 e3 49. Kf1 Ne4 50. Nh3 Ng3+ 51. Ke1 Ke4 52. Ng5+ Kf5 53. Nf3 Kg4 54. Ne5+ Kxh4 55. Nxg6+ Kg4 56. Ne5+ Kf5 57. Nf3 Ne4 58. Nh2 Nf2 59. Ke2 Ke4 60. Nf3 Ng4 61. Ng5+ Kf5 62. Nf3 Ne5 63. Nd4+ Kg4 64. Ne6 Kg3 65. Kf1 h4 66. Nd4 f3 67. gxf3 Nxf3 68. Ne2+ Kg4 69. Kg2 Ne1+ 70. Kf1 h3 71. Kg1 Ng2 72. Nd4 Nf4 73. Kh2 e2 74. Nc2 Kf3 75. Ne1+ Kf2 76. Nc2 e1Q 77. Nxe1 Kxe1 78. Kg3 Kf1 79. Kh2 Kf2 80. Kh1 Kg3 81. Kg1 Nd3 0-1

[Event "UKR-ch U20 Girls"]
[Site "Lvov"]
[Date "2006.02.09"]
[Round "8"]
[White "Choba, Yulia"]
[Black "Chulivska, Vita"]
[Result "0-1"]
[WhiteElo "1783"]
[BlackElo "2279"]
[PlyCount "94"]
[EventDate "2006.02.02"]
[EventType "tourn"]
[EventRounds "9"]
[EventCountry "UKR"]
[SourceTitle "CBM 110 Extra"]
[Source "ChessBase"]
[SourceDate "2006.03.10"]
[SourceVersion "2"]
[SourceVersionDate "2006.03.10"]
[SourceQuality "1"]

1. e4 c5 2. c3 d5 3. exd5 Qxd5 4. d4 e6 5. Nf3 Nf6 6. Na3 cxd4 7. Nb5 Qd8 8. Qxd4 a6 9. Qxd8+ Kxd8 10. Nbd4 Bd6 11. Bg5 Ke7 12. 0-0-0 h6 13. Bxf6+ gxf6 14. Bd3 Nd7 15. Rhe1 Ne5 16. Nxe5 fxe5 17. Nf3 Rg8 18. g3 f6 19. Nd2 Bc7 20. Nf3 Rb8 21. c4 Bd7 22. a3 Rgc8 23. Rd2 a5 24. b3 Bd6 25. Kb2 Bc6 26. Be4 b5 27. cxb5 Bxb5 28. Red1 Rb6 29. Ne1 f5 30. Bd3 Ba4 31. Bc2 Rcb8 32. Ka2 Rxb3 33. Rxd6 Rb2+ 34. Ka1 Bxc2 35. Nxc2 Rxc2 36. Rd7+ Kf6 37. R7d2 Rc3 38. Rd3 Rc2 39. R3d2 Rbb2 40. Rxc2 Rxc2 41. Rf1 e4 42. h4 Ke5 43. Rb1 Rxf2 44. Rb5+ Kd4 45. Rxa5 e3 46. Ra4+ Kc3 47. Ra6 e2 0-1

[Event "UKR-ch U20 Girls"]
[Site "Lvov"]
[Date "2006.02.08"]
[Round "7"]
[White "Babiy, Olga"]
[Black "Choba, Yulia"]
[Result "0-1"]
[WhiteElo "2110"]
[BlackElo "1783"]
[PlyCount "76"]
[EventDate "2006.02.02"]
[EventType "tourn"]
[EventRounds "9"]
[EventCountry "UKR"]
[SourceTitle "CBM 110 Extra"]
[Source "ChessBase"]
[SourceDate "2006.03.10"]
[SourceVersion "2"]
[SourceVersionDate "2006.03.10"]
[SourceQuality "1"]

1. e4 c5 2. Nf3 Nc6 3. d4 cxd4 4. Nxd4 Nf6 5. Nc3 e5 6. Ndb5 d6 7. Bg5 a6 8. Na3 b5 9. Nd5 Be7 10. Bxf6 Bxf6 11. c3 Bg5 12. Nc2 0-0 13. a3 Bb7 14. Ncb4 Kh8 15. Be2 Ne7 16. Nxe7 Qxe7 17. Nd5 Qd8 18. 0-0 g6 19. a4 bxa4 20. Rxa4 a5 21. Bc4 Bc6 22. Ra2 a4 23. Qd3 f5 24. exf5 gxf5 25. Nb4 Be4 26. Qd1 Bf4 27. Bd5 Qh4 28. g3 Rg8 29. Bxe4 fxe4 30. Kh1 Qg5 31. Rg1 Bd2 32. Nd5 Raf8 33. Qe2 Rf3 34. Rd1 Rgf8 35. Qxd2 e3 36. Nxe3 Rxf2 37. Qd3 Qh5 38. Ng4 Qxg4 0-1